000 00654nam a2200217Ia 4500
001 13238
003 GE_BSU
008 181216s||||||||xx |||||||||||||| ||und||
040 _cGE_BSU
080 _a632(479.22)+592(479.22)
100 _aХаджибейли,З.К.
245 _aКокциды субтропической зоны Грузии
245 _cРед.Г.Алексидзе
260 _aТбилиси
260 _bМецниереба
260 _c1983
300 _a294стр.илл.20см.
300 _cБиблиогр.с.283-291
653 _aКокциды субтропической зоны Грузии
942 _cBK
999 _c46402
_d46402